| 000 | 00406 a2200145 4500 | ||
|---|---|---|---|
| 020 | _a0393924203 | ||
| 040 |
_aDLC _bDLC |
||
| 082 | 0 | 0 | _a658.15 |
| 100 | 1 | _aFoerster, Stephen Robert. | |
| 245 | 1 | 0 |
_aFinancial management : a primer _cStephen R. Foerster. |
| 260 |
_aNew York : _bNorton, _cc2003. |
||
| 300 |
_axxi, 244 p. ; _c23 cm. |
||
| 650 | 0 |
_aBusiness enterprises _xFinance. |
|
| 942 |
_cBK _k658.15 FOE _2ddc |
||
| 999 |
_c8546 _d8546 |
||